Quizzes
Events
Quiz Creation
Community
Videos
Private Events
Remove Ads
Sign In
Join for FREE
Feedback
Dark Mode
Quiz Categories
Sports
Geography
Music
Movies
Television
Just For Fun
Miscellaneous
History
Literature
Language
Science
Gaming
Entertainment
Religion
Holiday
For Kids
Quiz Lab
Recent
Popular Today
Quiz Kudos Today
Editor Picks
Curator Picks
Quizzes by...
Day
Popularity
Type
Ratings
Length
Year
Community
Subscriptions
Recent Discussions
Orange Saloon
Badges
Playlists
Quests
Create
Leaderboards
Showdown
Live 5
Trivia Bingo
Activity
Puzzle Library
Sporcle Events
Private Events
Virtual Trivia
Globe League
Become a Host
Pub Owners
SporcleCon
Opinionation
Our Games
Videos
Blog
Mobile Apps
Partnerships
Remove Ads and Go Orange
Feedback
History
US Presidents
World Leaders
Politics
Nation
Discovery
War
Decade
Year
Century
Biography
Art
History
US Presidents
World Leaders
Politics
Nation
Discovery
War
Decade
Year
Century
Biography
Art
Random Quiz
Search Sporcle
×
Quiz Lab
Quiz Lab
History
America
Type in answers that appear in a list
Type in answers that appear in a list
Classic
Best Score? Go Orange.
U.S. History 101 Stats
Can you name the facts about American history?
By
AwesomeBS97
10m
31 Questions
295 Plays
295 Plays
295 Plays
Comments
Comments
Give Quiz Kudos
Give Quiz Kudos
-
- Ratings
hide this ad
Replay
Link that replays current quiz
Next Quiz
Link to next quiz in quiz playlist
You Got
0%
They Got
Avg Score
35%
Avg Friend Score
Upgrade to see
Score Distribution
Jump to the score distribution portion of the page
Score
0/31
Timer
10:00
0
Plays Today
Facts
Answers
% Correct
General of the fist U.S. Continental Army and First President
George Washington
98%
Infamous walk that thousands of Native Americans were forced to walk in order to get to reservations
Trail of Tears
69.8%
America's second war with England
War of 1812
68.5%
First ''constitution' of the U.S.
Articles of Confederation
63.4%
Location where the Continental Army spent a deathly winter
Valley Forge
61.7%
Hero of the war of 1812 who later became President
Andrew Jackson
58.3%
Famous canal built for military purposes
Panama Canal
53.6%
Battle in Texas, fought in a mission.
Battle of the Alamo
48.1%
President during the start of the Great Depression
Herbert Hoover
45.8%
Leader of the Rough Riders
Teddy Roosevelt
43.4%
President following the last answer and during the start of World War 2
Franklin Delano Roosevelt
42.4%
Name of the 'war' that was fought over communism
The Cold War
39.7%
Fronteirsman from Tennessee who was said to have 'killed a bear when he was only three'
Davy Crockett
38.6%
America's present President who has no idea about health care
Barack Obama
36.6%
Battle fought in Virginia, ending the American Revoulution
Battle of Yorktown
34.9%
Name of the cities that were hit with the Nukes
Hiroshima and Nagasaki
34.2%
Facts
Answers
% Correct
Scandal that made Nixon resign as President
Watergate Scandal
32.9%
Commander of Texan forces during the Texas Revolution
Sam Houston
31.9%
Famous court case that granted the Supreme Court the power of Judicial Review
Marbury v. Madison
30.8%
City where JFK was assassinated
Dallas, Texas
23.1%
Battle that was the turning point in Pacific front
Battle of Midway
19.7%
Battle that was the turning point on the Eastern front
Battle of Normandy
19.7%
War fought in Iraq during Bush Senior's Administration
Gulf War
16.6%
Terrorist attack on U.S. soil during Bush Junior's Administration
Attack on the World Trade Center
14.6%
JFK's famous quote
Ask not what your country can do for you but what you can do for your country
12.5%
Modern Day war that is being fought today in the middle east
The War on Terrorism
12.2%
Theodore Roosevelt's famous saying
Speak softly but carry a big stick
11.2%
Name of the Ship that the Japanese formally surrendered on
USS Missouri
7.1%
Conflicts that were fought in Asia
Vietnam War and Korean War
7.1%
A date that will live in infamy
Attack on Pearl Harbor
6.1%
Famous battle in the Mexican-
American war
Battle of San Juan Hill
2.7%
Quiz Playlist
Details
Report
Send in Message
Add To Playlist
Classic:
Type in answers that appear in a list
Last Updated: Feb 16, 2017
Quiz Scoreboard
CHALLENGE
Sign Up to Join the Scoreboard
Show All
Scores
Hide
Comments
May contain spoilers
Recently Published
NBA Finals Game Top Scorers (2010s)
by flibbidy
Sports
5m
Guess the 'R' Things in 3 Words
by MSUKent
Miscellaneous
3m
Actor to Badly Drawn Movie III
by MoMosMoProblems
Movies
5m
More to Explore
Quiz From the Vault
Featured Blog Post
Where Does Lost Luggage Go?
hide this ad
You Might Also Like...
Tags
101
America
Today's Top Quizzes in History
Browse History
hide this ad
Today's Top Quizzes in America
Browse America
Top Contributed Quizzes in History
1
Nickname Match: US Presidents
2
I Am Born On March 18th
3
Nickname Match: World Leaders II
4
Nickname Match: US Presidents II
5
Famous People on Time Magazine Covers III (Slideshow)
6
10 to 1: Generals by War
7
27 Amendments
8
Order the British Succession
9
New Deal Alphabet Soup
10
I Am Born On March 17th
Explore More
Trending Topics
Harry Potter
NBA
Crossword
Anime
Kpop
Marvel
Disney
Pokémon
WWE
Country
NFL
Puzzle
The Office
Song
Soccer
hide this ad
More By:
AwesomeBS97
Quiz
Plays
Rating
Category
Featured
Created
Nacho Libre Legit Quotes
682
4.00
Movies
Apr 10, 2011
Pokemon not all of them
62
4.00
Just For Fun
Feb 27, 2011
Wait! When did it happen?
35
2.00
Miscellaneous
Mar 1, 2011
Wicks Trivia
5
Entertainment
Feb 25, 2011
Go to Creator's Profile
Score Distribution
Quiz Creator Spotlight
AwesomeBS97
Follow
Send a Message
Quizzes Created
-
Created Quiz Play Count
-
More By This Creator
Popular Quizzes Today
1
Find the US States - No Outlines Minefield
2
Find the US States
3
The Countries of the World
4
10 Largest US States in Order
5
Find the Countries of Europe - No Outlines Minefield
6
US States
7
Guess the 'R' Things in 3 Words
8
NBA Finals Game Top Scorers (2010s)
More History Quizzes
Living History: 'In Their Own Words' II
Published
Trending Quizzes
First Name TV: Leading Men
Match the Book to the Film II
First Name TV: Leading Women Drama
3-Word Movies in 1 Word II
Match the Book to the Film VI
Recently Updated
Women's Final Four Teams by Year
bhenderson79
Presidents Quartet II
eogle
Anything But Clue(do)
eogle
Anything But Oceanian Capitals
eogle
Anything But 7
eogle
Anything But Thing
eogle
Word Ladder: February 29
pecheneg
Song Title Questions
pecheneg
Women's NCAA Tournament #1 Seeds
pecheneg
Celebrity Mug Shots
pecheneg
Trending Topics
Anime
Kpop
Disney
Harry Potter
NBA
Crossword
Marvel
NFL
Soccer
Puzzle
Song
Pokémon
WWE
The Office
Country
Your Account Isn't Verified!
In order to create a playlist on Sporcle, you need to verify the email address you used during registration. Go to your
Sporcle Settings
to finish the process.
Report this User
Report this user for behavior that violates our
Community Guidelines
.
Details:
Send Report
Go to the Sporcle.com Mobile Site →
Comments